00961nam a2200229 a 4500001001000000005001700010008004100027041000800068044000800076050002100084245020400105260003300309300005400342500011100396500000900507600002300516650002800539650004000567650003200607710004800639710004400687BRCA_509120190320204933.0111110s1954----nyua######---#000-0#eng-# aeng anyu 4aN7103b.S63 195410aSpanish Medieval Artbloan exhibition in honor of Dr. Walter W. S. Cookcarranged by The Alunmi Association Institute of Fine Arts, New York University in cooperation with Metropolitan Museum of Art. aNueva YorkbA. H. Velac1954 a1 v. (sin paginación)bil., 8 láminasc21 cm. aCatálogo de la exposición realizada en The Cloisters (Nueva York), 15 diciembre, 1954 - 30 enero, 1955 aDD4314aCook, Walter W. S.14aArte medievalzEspaña14aGalerías y museoszEstados Unidos14aArte medievalvExposiciones2 aNew York UniversitybInstitute of Fine Arts2 aMetropolitan Museum of Art (Nueva York)